Agony and ecstasy: (Record no. 58432)

000 -LEADER
fixed length control field 00410nam a22001457a 4500
082 ## - DEWEY DECIMAL CLASSIFICATION NUMBER
Classification number 509.2
Item number SAM/A
100 ## - MAIN ENTRY--AUTHOR NAME
Personal name Sam Raj P
245 ## - TITLE STATEMENT
Title Agony and ecstasy:
Sub Title an autobiography of a scientist cum socio religious activist/
Statement of responsibility, etc by Sam Raj P
260 ## - PUBLICATION, DISTRIBUTION, ETC. (IMPRINT)
Place of publication Nagercoil:
Name of publisher Bernatheth Publication,
Year of publication 2008.
300 ## - PHYSICAL DESCRIPTION
Number of Pages 432p.
650 ## - SUBJECT ADDED ENTRY--TOPICAL TERM
Topical Term Biography Scientists
650 ## - SUBJECT ADDED ENTRY--TOPICAL TERM
Topical Term Biography
650 ## - SUBJECT ADDED ENTRY--TOPICAL TERM
Topical Term Sciences
942 ## - ADDED ENTRY ELEMENTS (KOHA)
Koha item type Book
Holdings
Withdrawn status Lost status Damaged status Not for loan Permanent Location Current Location Shelving location Date acquired Cost, normal purchase price Full call number Accession Number Price effective from Koha item type
        Sree Sankaracharya University of Sanskrit Sree Sankaracharya University of Sanskrit Stacks 20.01.2016 100.00 509.2 SAM/A 079863 20.01.2016 Book